إفريقيا يراد لها أن تموت جوعاً / (رقم التسجيلة. 24928)

تفاصيل مارك
000 -LEADER
fixed length control field 00723nam a22002057a 4500
005 - DATE AND TIME OF LATEST TRANSACTION
control field 20251108165321.0
008 - FIXED-LENGTH DATA ELEMENTS--GENERAL INFORMATION
fixed length control field 250721s1991 xx 000 0 ara d
082 14 - DEWEY DECIMAL CLASSIFICATION NUMBER
Classification number 960/جما
100 1# - MAIN ENTRY--PERSONAL NAME
Personal name مسعود، جمال عبد الهادي محمد
245 10 - TITLE STATEMENT
Title إفريقيا يراد لها أن تموت جوعاً /
250 ## - EDITION STATEMENT
Edition statement ط3
264 1# - PRODUCTION, PUBLICATION, DISTRIBUTION, MANUFACTURE, AND COPYRIGHT NOTICE
Place of production, publication, distribution, manufacture المنصورة :
Name of producer, publisher, distributor, manufacturer دار الوفاء للطباعة و النشر،
Date of production, publication, distribution, manufacture, or copyright notice 1991.
300 ## - PHYSICAL DESCRIPTION
Extent 222ص
490 0# - SERIES STATEMENT
Series statement نحو تأصيل إسلامي للتاريخ ؛ أخطاء يجب أن تصحح في التاريخ
650 17 - SUBJECT ADDED ENTRY--TOPICAL TERM
Topical term or geographic name as entry element إفريقيا
650 17 - SUBJECT ADDED ENTRY--TOPICAL TERM
Topical term or geographic name as entry element تاريخ إفريقيا
700 1# - ADDED ENTRY--PERSONAL NAME
Personal name جمعة، محمد رفعت
942 ## - ADDED ENTRY ELEMENTS (KOHA)
Source of classification or shelving scheme Dewey Decimal Classification
Koha item type كتب
المقتنيات
حالة السحب حالة الفقدان مصدر التصنيف حالة التلف غير قابل للإعارة المكتبة الرئيسية المكتبة الحالية موقع الرف تاريخ التزويد الرقم المتسلسل Total Checkouts رقم الإستدعاء الباركود تاريخ آخر ظهور تاريخ الفاتورة نوع المادة (كوها)
    Dewey Decimal Classification     المكتبة المركزية المكتبة المركزية الإعارة 12/07/2004 181833   960/جما 181833 28/07/2025 12/07/2004 كتب
Implemented & Customized by: BBB with SCIT (Smart Chains for Information Technology)

Powered by Koha